Statistics for Animal Crossing New Horizons Quiz

Click here to take the quiz!

General Stats

  • This quiz has been taken 773 times
  • The average score is 6 of 10

Answer Stats

HintAnswer% Correct
What are the racoon brothers called?Timmy And Tommy
89%
What is the local shop called?Nook's Cranny
86%
How many pocket spaces do you start with?20
80%
How many confirmed colours of roses are there?8
78%
Which type of wood is the darkest?Hardwood
77%
Which type of wood is the lightest?Softwood
74%
What is the local airport called?Dodo Airlines
72%
What action with the contollers is used to change the leader?Shaking
22%
Which fish is the rarest?Coelacanth
21%
What is the green bear who's favourite catchphrase is 'Urgh' called?Charlise
13%

Score Distribution

Percentile by Number Answered

Percent of People with Each Score

Your Score History

You have not taken this quiz